Catálogo
 En Linea
Vista normal Vista MARC

Entrada Nombre de reunión

Número de registros utilizados en: 2

001 - NÚMERO DE CONTROL

  • campo de control: 83512

003 - IDENTIFICADOR DEL NÚMERO DE CONTROL

  • campo de control: DO-SdBNP

005 - FECHA Y HORA DE LA ÚLTIMA TRANSACCIÓN

  • campo de control: 20230606114936.0

008 - DATOS DE LONGITUD FIJA

  • campo de control de longitud fija: 230606|| aca||aabn | a|a d

040 ## - FUENTE DE LA CATALOGACIÓN

  • Centro catalogador/agencia de origen: DO-SdBNP
  • Centro/agencia transcriptor: DO-SdBNP

111 ## - ENCABEZAMIENTO--NOMBRE DE CONGRESO/REUNIÓN

  • Nombre de congreso/reunión o jurisdicción como elemento de entrada: XIII Feria Nacional del Libros. Dr. Vetilio Alfau Durán
  • Sede del congreso/Lugar de la reunión: (del 6 al 13 de julio, 1985, Plaza de la Cultura Juan Pablo Duarte)

670 ## - FUENTE DE DATOS ENCONTRADOS

  • Cita de la fuente: Work cat.: (DO-SdBNP)42082: XIII Feria Nacional del Libros. Dr. Vetilio Alfau Durán (del 6 al 13 de julio, 1985, Plaza de la Cultura Juan Pablo Duarte), XIII Feria Nacional del Libro Dr. Vetilio Alfau Durán, 1985.

Con tecnología Koha